|
|
|
|
| LEADER |
00998nam a2200313 4500 |
| 001 |
000007620 |
| 003 |
3783 |
| 005 |
20120522100536.0 |
| 008 |
111007s1981 viesd |
| 020 |
|
|
|c 15000đ
|
| 041 |
0 |
|
|a vie
|
| 082 |
|
|
|a 335.402
|b LE-N
|
| 245 |
|
0 |
|a V.I.Lê-nin Bàn về thanh niên
|
| 260 |
|
|
|a H.
|b Thanh niên
|c 1981
|
| 300 |
|
|
|a 416 tr.
|c 17 cm.
|
| 500 |
|
|
|a ĐTTS: Tất cả các nước, đoàn kết lại
|
| 653 |
|
|
|a V.I.Lê-nin
|
| 653 |
|
|
|a Thanh niên
|
| 910 |
|
|
|a Huỳnh Thị Cẩm Lai
|d 07/10/2011
|
| OWN |
|
|
|a LSP
|
| AVA |
|
|
|a UDN50
|b LSP
|d 335.402 LE-N
|e available
|t Error 5001 Not defined in file expand_doc_bib_avail.
|f 4
|g 0
|h N
|i 0
|k 1
|
| 999 |
|
|
|a From the UDN01
|
| AVA |
|
|
|a UDN50
|b LSP
|d 335.402 LE-N
|e available
|t Error 5001 Not defined in file expand_doc_bib_avail.
|f 4
|g 0
|h N
|i 0
|k 1
|
| TYP |
|
|
|a Monograph
|
| TYP |
|
|
|a Printed language
|
| 980 |
|
|
|a Mạng thư viện Đại học Đà Nẵng
|